01567nam a2200349 a 4500001001000000003000500010005001700015008004100032010001100073011001100084040000900095090001000104100003600114245016600150260004000316500006000356502011900416590004100535590004000576590004000616650005300656650003900709650004200748650003900790856007000829901000700899942001000906942000600916999001900922952013600941952014001077000111052CHAP20220329144156.0141127s2014 mx fsm |||||||spa d a107514 a108486 cCHAP aTesis1 aSerrato Trujillo, Mario912885510aDinámica de innovación y análisis de intervención en la producción de ovinos de carne en el norte de Sinaloah[En línea]cpor Mario Serrato Trujillo. aBermejillo, Dgo :bEl autor,c2014. aPara ver el contenido del material haga clic en la liga aTesis (Ing. Agr. en Sistemas Pecuarios de Zonas Áridas) -- UACH. Unidad Regional Universitaria de Zonas Áridas aE11695DGDb10c20141127lUCH01h1119 aE5995AHEb05c20141127lUCH01h1009 aE5995AHEb05c20141127lUCH01h100914aGanaderíaxInnovaciones tecnológicas.94475514aGanaderíaxProducción.912774214aGanado de carnexProducción.94510414aGanado lanarxProducción.945214 aFinding aiduhttp://10.13.5.2/tesis/sist111052.pdfzTeclea aquí aBK cTESIS n0 c107514d107514 00104054718TESISaBCbBCd2014-11-27fTESISl0oTesisp33724002433545r2019-12-31 00:00:00w2019-12-31yTESISzRecien adquirido 00102local4053708TESISaBCbBCcPA_TESISd2014-11-27fTESISl0oTesisp33724002433587r2019-12-31 00:00:00tc.2w2019-12-31yTESIS